Μιά ιστορία της ζωγραφικής : απο το Βυζάντιο στην αναγέννηση και απο τους ιμπρεσιονιστές στον Πικάσο

Αποθηκεύτηκε σε:
Λεπτομέρειες βιβλιογραφικής εγγραφής
Κύριος συγγραφέας: Στεφανίδης, Μάνος Σ. 1954-
Μορφή: Βιβλίο
Γλώσσα:Greek
Δημοσίευση: Αθήνα : Καστανιώτη, 1994
Θέματα:
Ετικέτες: Προσθήκη ετικέτας
Δεν υπάρχουν, Καταχωρήστε ετικέτα πρώτοι!

MARC

LEADER 00000cam a2200000 i 4500
001 1/31933
008 960729s1994 gr | ||| |||| ||gre||
020 |a 960031201X 
035 |1 ΕΛΗ  |a 1996  |b 2507  |c ΒΙΒΛΙΟΘΗΚΗ  |l 10038963 
040 |a GR-MY-UA  |b gre  |e aacr 
041 0 |a gre 
082 0 |a 709. 
100 1 |a Στεφανίδης, Μάνος Σ.  |d 1954- 
245 1 0 |a Μιά ιστορία της ζωγραφικής :  |b απο το Βυζάντιο στην αναγέννηση και απο τους ιμπρεσιονιστές στον Πικάσο /  |c Μάνος Στεφανίδης 
260 |a Αθήνα :   |b Καστανιώτη,   |c 1994 
300 |a 491 σ.;  |c 24 cm. 
650 0 0 |a Art  |x History. 
852 |a INST  |b SAMOS  |e 19960729  |h 709 ΣΤΕ  |p 005300009421  |q 005300009421  |t BK  |y 0 
901 |a BIBL-1997-1 
909 |a Σ  |b 041695